Normal view
MARC view
- Business enterprises, Foreign
Entry Topical Term
001 - CONTROL NUMBER
- control field: 51969
003 - CONTROL NUMBER IDENTIFIER
- control field: NUST
005 - DATE AND TIME OF LATEST TRANSACTION
- control field: 20210329093708.0
008 - FIXED-LENGTH DATA ELEMENTS
- fixed length control field: 210329|| aca||aabn | a|a d
040 ## - CATALOGING SOURCE
- Original cataloging agency: NUST
- Transcribing agency: NUST
150 ## - HEADING--TOPICAL TERM
- Topical term or geographic name entry element: Business enterprises, Foreign
- General subdivision: Government policy
- Geographic subdivision: China
670 ## - SOURCE DATA FOUND
- Source citation: Work cat.: (NUST)0: McGregor, James, 1953- 51967, One billion customers :, c2005.
